01799nam a2200289Ia 450000500170000000800410001702000150005804100080007310000410008124501210012225000220024326400360026530000260030133600270032733700330035433800280038749000380041552008010045353400340125465000280128865000290131665000290134570000420137470000460141604000350146208400120149720220316235351.0121119s1999 sp gr 000 j spa  a84206344681 aspa1 aVoltaire, Francois Marie,d1694-177810aCandido y otros cuentoscVoltaire ; selección y nota preliminar de Paulino Garagorri ; traductor, Antonio Espina aPrimera ediciòn 1aMadridbAlianza editorialc1999 a221 páginasc20 cm. atextobtxt2rdacontent asin mediaciónbn2rdamedia avolumenbnc2rdacarrier0 aEl libro de bolsillo : literatura3 aTanto los tratados históricos de VOLTAIRE (1694-1778), como sus ensayos dirigidos contra la superstición, la intolerancia y el fanatismo, resultan difícilmente disociables de sus relatos filosóficos. Las narraciones volterianas son ciertamente paradigmáticas de ese estilo literario, tanto por la intensidad que los propósitos pedagógicos de la Ilustración alcanzan en sus páginas, como por la armonía con que se ensamblan la forma y el fondo, el argumento y la finalidad ejemplificadoras. El presente volumen, presentado y seleccionado por Paulino Garagorri, incluye cinco cuentos -«Memnón», «Micromegas», «Historia de los viajes de Escarmentado» y «El hombre de los cuarenta escudos», además de CÁNDIDO-, centrados todos ellos en la sátira del mundo europeo. tMemnon, ou la sagesse humaine142LEMBaCuentos franceses142LEMBaOptimismovCuentos142LEMBvCuentosaAlegría1 aEspina, Antoniod1894-1972etraductor1 aGaragorri, Paulinod1885-1972ecompilador aCO-BoRNBPbspaerdacCO-BoRNBP aC VOL1